Gares sur la ligne entre le Sables d'Olonne et Saumur - Statistiques

Statistiques générales
  • Ce quiz a été pris 27 fois
  • Le résultat moyen est 7 sur 14
Statistiques - réponses
Hint Réponse % Correct
(85) La Roche-sur-Yon
88%
Maine-et-Loire (49) Saumur
84%
Vendée (85) Les Sables d'Olonne
76%
Deux-Sèvres (79) Thouars
56%
(79) Bressuire
48%
(85) Chantonnay
44%
(85) Olonne-sur-Mer
40%
Vendée (85) Pouzauges
40%
Maine-et-Loire (49) Montreuil-Bellay
36%
(85) Bournezeau
32%
Deux-Sèvres (79) Cerizay
32%
(85) La Mothe-Achard
32%
(85) Fougeré
28%
(85) La Chaize-le-Vicomte
28%
Aucun quiz correspondant
Distribution des résultats
% des personnes avec chaque résultat
Percentile par nombre de réponses
Votre historique - résultats
Vous n’avez pas pris ce quiz